[Event "ChessOrg Schachfestival  2015 - Open"]
[Site "Bad Wörishofen"]
[Date "2015.02.27"]
[Round "1.49"]
[White "Astengo, Corrado"]
[Black "Müller, Wolfgang"]
[Result "1-0"]
[WhiteElo "2123"]
[BlackElo "1875"]
[Annotator "chessorg"]
[PlyCount "55"]
[EventDate "2015.??.??"]
[WhiteTeam "Mendrisio"]
[BlackTeam "SK Marktoberdorf"]

1. e4 c5 2. Nf3 d6 3. d4 cxd4 4. Nxd4 Nf6 5. Nc3 g6 6. Be3 Bg7 7. f3 Nc6 8. Qd2
a6 9. O-O-O Qc7 10. g4 Nxd4 11. Bxd4 Be6 12. h4 b5 13. g5 Nh5 14. Bxg7 Nxg7 15.
Bh3 O-O 16. Bg4 b4 17. Nd5 Bxd5 18. Qxd5 Rfd8 19. h5 Qc5 20. hxg6 hxg6 21. Rh2
Qxd5 22. exd5 Nf5 23. Rdh1 f6 24. gxf6 Kf7 25. fxe7 Kxe7 26. Rh7+ Kf6 27. f4
Rg8 28. Rd7 1-0

[Event "ChessOrg Schachfestival  2015 - Open"]
[Site "Bad Wörishofen"]
[Date "2015.02.27"]
[Round "1.54"]
[White "Ballon, Guenther Jan"]
[Black "Fiedler, Wolfgang"]
[Result "1/2-1/2"]
[WhiteElo "2105"]
[BlackElo "2015"]
[Annotator "chessorg"]
[PlyCount "49"]
[EventDate "2015.??.??"]
[WhiteTeam "Caissa Amsterdam"]
[BlackTeam "SK Zirndorf e.V."]

1. d4 g6 2. c4 Bg7 3. e4 d6 4. Nc3 Nc6 5. Nge2 e5 6. Be3 f5 7. f3 Nf6 8. d5 Ne7
9. Qd2 fxe4 10. Nxe4 Nf5 11. Bg5 h6 12. Bxf6 Bxf6 13. Nxf6+ Qxf6 14. O-O-O Bd7
15. Nc3 Qh4 16. Bd3 Qf4 17. Qxf4 exf4 18. Bxf5 Bxf5 19. Rhe1+ Kf7 20. Ne2 g5
21. Nd4 Bd7 22. Kd2 Rhe8 23. Kd3 Rxe1 24. Rxe1 Re8 25. Rxe8 1/2-1/2

[Event "ChessOrg Schachfestival  2015 - Open"]
[Site "Bad Wörishofen"]
[Date "2015.02.27"]
[Round "1.56"]
[White "Stein, Marco"]
[Black "Forster, Rudolf"]
[Result "1-0"]
[WhiteElo "2102"]
[BlackElo "1837"]
[Annotator "chessorg"]
[PlyCount "39"]
[EventDate "2015.??.??"]
[WhiteTeam "SK Marktoberdorf"]
[BlackTeam "SC Friedberg im Gehoerl. Sportverein"]

1. d4 e6 2. c4 Nf6 3. g3 d5 4. Nf3 Be7 5. Bg2 O-O 6. O-O Ne4 7. Qc2 Nd7 8. Nbd2
Ndf6 9. Ne5 a5 10. Nxe4 dxe4 11. Rd1 Ra6 12. c5 h6 13. g4 b5 14. g5 hxg5 15.
Bxg5 Bb7 16. c6 Ba8 17. Bxf6 gxf6 18. Qxe4 fxe5 19. dxe5 f5 20. exf6 1-0

[Event "ChessOrg Schachfestival  2015 - Open"]
[Site "Bad Wörishofen"]
[Date "2015.02.27"]
[Round "1.61"]
[White "Jankowski, Moritz"]
[Black "Schleich, Theo"]
[Result "1-0"]
[WhiteElo "1808"]
[BlackElo "2081"]
[Annotator "chessorg"]
[PlyCount "57"]
[EventDate "2015.??.??"]
[WhiteTeam "SK Marktoberdorf"]
[BlackTeam "SK Siemens Muenchen"]

1. e4 c5 2. d4 cxd4 3. c3 dxc3 4. Nxc3 e6 5. Nf3 a6 6. Bc4 b5 7. Bb3 Bb7 8. O-O
Nc6 9. Bf4 Rc8 10. Rc1 Na5 11. Bd5 Ne7 12. Bxb7 Nxb7 13. Re1 Ng6 14. Bg3 Be7
15. Qd4 h5 16. h3 h4 17. Bh2 O-O 18. e5 d5 19. exd6 Nxd6 20. Rcd1 Nc4 21. Qg4
Qb6 22. Ne4 Nxb2 23. Rd7 Rfe8 24. Ne5 Rcd8 25. Rxd8 Rxd8 26. Nxg6 fxg6 27. Qxg6
Nd3 28. Rd1 Rd5 29. Rxd3 1-0

[Event "ChessOrg Schachfestival  2015 - Open"]
[Site "Bad Wörishofen"]
[Date "2015.02.27"]
[Round "1.67"]
[White "Russ, Oliver"]
[Black "Walz, Robert"]
[Result "0-1"]
[WhiteElo "1759"]
[BlackElo "2061"]
[Annotator "chessorg"]
[PlyCount "48"]
[EventDate "2015.??.??"]
[WhiteTeam "SG CX Schwarzenberg-Raschau"]
[BlackTeam "SF Bad Groenenbach 1977 e.V."]

1. e4 c5 2. Nf3 d6 3. d4 cxd4 4. Nxd4 Nf6 5. Nc3 e6 6. Bg5 Be7 7. Be2 a6 8. Qd2
h6 9. Be3 b5 10. Bf3 b4 11. Na4 Bd7 12. Nb6 Qxb6 13. Nxe6 Qc6 14. Nxg7+ Kf8 15.
e5 Ne4 16. Qd4 d5 17. Bxe4 dxe4 18. e6 f6 19. exd7 Kxg7 20. O-O-O Rd8 21. Bxh6+
Kxh6 22. Qe3+ Kg7 23. Rd4 f5 24. g4 Qh6 0-1

[Event "ChessOrg Schachfestival  2015 - Open"]
[Site "Bad Wörishofen"]
[Date "2015.02.27"]
[Round "1.71"]
[White "Sauerwein, Martin"]
[Black "Lindenmair, Anton"]
[Result "0-1"]
[WhiteElo "1579"]
[BlackElo "2024"]
[Annotator "chessorg"]
[PlyCount "40"]
[EventDate "2015.??.??"]
[WhiteTeam "SC Kaufbeuren"]
[BlackTeam "SK Keres-Augsburg 1980"]

1. d4 Nf6 2. Nf3 g6 3. b3 Bg7 4. g3 O-O 5. Bb2 d5 6. Bg2 Nbd7 7. O-O Ne4 8.
Nbd2 Ndf6 9. c4 c6 10. cxd5 cxd5 11. Qc2 Bf5 12. Nh4 Nxg3 13. Nxf5 Nxf5 14. Qd3
Rc8 15. Rfc1 Qd6 16. Rc2 Ng4 17. h3 Qh2+ 18. Kf1 Nge3+ 19. fxe3 Rxc2 20. Qxc2
Nxe3+ 0-1

[Event "ChessOrg Schachfestival  2015 - Senioren"]
[Site "Bad WÃ¶rishofen"]
[Date "2015.02.27"]
[Round "1.2"]
[White "Rueggeberg, Wilhelm"]
[Black "Schumacher, Gottfried"]
[Result "1/2-1/2"]
[WhiteElo "1853"]
[BlackElo "2204"]
[Annotator "chessorg"]
[PlyCount "56"]
[EventDate "2015.??.??"]
[WhiteTeam "Sfr.Saarburg-Trier"]
[BlackTeam "HTC Bad Neuenahr"]

1. d4 d5 2. c4 e6 3. Nf3 Nf6 4. Nc3 c6 5. e3 Bd6 6. cxd5 cxd5 7. Bb5+ Nc6 8.
O-O O-O 9. Qe2 Bd7 10. Rd1 a6 11. Bd3 Re8 12. e4 dxe4 13. Nxe4 Nxe4 14. Bxe4 f5
15. Bc2 Qf6 16. Bg5 Qf7 17. Ne5 Nxe5 18. dxe5 Bf8 19. Qe3 Bc6 20. f3 Rac8 21.
Rac1 Qh5 22. Bf4 g5 23. Bxg5 Rc7 24. Kh1 Bd5 25. Bb3 Bxb3 26. axb3 Rg7 27. Bf6
Rg6 28. Rc4 Bh6 1/2-1/2

[Event "ChessOrg Schachfestival  2015 - Senioren"]
[Site "Bad WÃ¶rishofen"]
[Date "2015.02.27"]
[Round "1.48"]
[White "Reichwald, Klaus"]
[Black "Luebbers, Doris"]
[Result "1/2-1/2"]
[WhiteElo "1871"]
[BlackElo "1530"]
[Annotator "chessorg"]
[PlyCount "83"]
[EventDate "2015.??.??"]
[WhiteTeam "SC Lohhof 1950 e.V."]
[BlackTeam "Sfr. Taunus Koenigstein/Schwalbach"]

1. d4 Nf6 2. Nf3 g6 3. e3 Bg7 4. c3 d6 5. Bd3 Nbd7 6. O-O O-O 7. Nbd2 c5 8. b3
Qc7 9. Bb2 b6 10. Rc1 Bb7 11. c4 Rad8 12. Qc2 e5 13. d5 Ng4 14. e4 Ndf6 15.
Rcd1 Nh5 16. Bc1 Nf4 17. Nb1 Bc8 18. Bxf4 exf4 19. Nc3 Qe7 20. Rc1 Ne5 21. Nxe5
Bxe5 22. Be2 g5 23. Rfd1 g4 24. Bf1 Kh8 25. Ne2 Rg8 26. Qd2 Qf6 27. Kh1 Qh6 28.
g3 Rg5 29. Nxf4 Qg7 30. Bd3 Rg8 31. Rg1 h5 32. Rg2 Qf6 33. Rf1 h4 34. Rgg1 R8g7
35. Rg2 Rh7 36. Rgg1 hxg3 37. fxg3 Qh6 38. Rg2 Qg7 39. Rd1 Rh6 40. Rf1 Rf6 41.
Rgf2 Bd4 42. Rg2 1/2-1/2

[Event "ChessOrg Schachfestival  2015 - Open"]
[Site "Bad Wörishofen"]
[Date "2015.02.27"]
[Round "1.73"]
[White "Humburg, Eduard"]
[Black "Schulz, Gert"]
[Result "0-1"]
[WhiteElo "1437"]
[BlackElo "2016"]
[Annotator "chessorg"]
[PlyCount "56"]
[EventDate "2015.??.??"]
[WhiteTeam "SC Wolfratshausen 1948 e.V."]
[BlackTeam "SK 1947 Sandhausen e.V."]

1. c4 e5 2. e3 Nf6 3. d4 exd4 4. Nf3 Bb4+ 5. Bd2 Bxd2+ 6. Nbxd2 dxe3 7. fxe3
Qe7 8. Qe2 O-O 9. O-O-O d5 10. h3 dxc4 11. Nxc4 Be6 12. Nd4 Bxc4 13. Nf5 Qc5
14. Qc2 b5 15. Bxc4 Qxc4 16. Qxc4 bxc4 17. Ne7+ Kh8 18. Nd5 Nxd5 19. Rxd5 Na6
20. Ra5 Nb4 21. Kd2 Rfd8+ 22. Kc3 Nd5+ 23. Kxc4 Nxe3+ 24. Kb4 Rab8+ 25. Ka4
Rxb2 26. Rb5 Rd4+ 27. Rb4 Rdxb4+ 28. Ka3 Nc4# 0-1

[Event "ChessOrg Schachfestival  2015 - Open"]
[Site "Bad Wörishofen"]
[Date "2015.02.27"]
[Round "1.74"]
[White "Schellmann, Frank"]
[Black "Kleinhenz, Hans-Georg"]
[Result "1-0"]
[WhiteElo "2095"]
[BlackElo "1821"]
[Annotator "chessorg"]
[PlyCount "29"]
[EventDate "2015.??.??"]
[WhiteTeam "SG Einheit Halle"]
[BlackTeam "Stolberger Schachverein 1927"]

1. e4 e6 2. d4 d5 3. e5 c5 4. c3 Nc6 5. Nf3 Nge7 6. Na3 cxd4 7. cxd4 Nf5 8. Nc2
Be7 9. Bd3 Qb6 10. O-O O-O 11. g4 Nh4 12. Nxh4 Bxh4 13. g5 f5 14. gxf6 g5 15.
Bxh7+ 1-0

[Event "ChessOrg Schachfestival  2015 - Open"]
[Site "Bad Wörishofen"]
[Date "2015.02.27"]
[Round "1.83"]
[White "Bohnstorff, Michael"]
[Black "Grunwald, Guenther"]
[Result "1-0"]
[WhiteElo "2044"]
[BlackElo "1686"]
[Annotator "chessorg"]
[PlyCount "55"]
[EventDate "2015.??.??"]
[WhiteTeam "Hamburg"]
[BlackTeam "Schachverein Schwarz-Weiß Oberhausen 51/96"]

1. d4 d5 2. c3 e6 3. Bf4 c5 4. e3 Nc6 5. Nf3 Nf6 6. Ne5 Bd6 7. Bb5 Qc7 8. Nd2
O-O 9. Bxc6 bxc6 10. Qa4 Bb7 11. O-O Nh5 12. Qd1 Nxf4 13. exf4 f6 14. dxc5 Bxc5
15. Nd3 Bb6 16. Qg4 f5 17. Qe2 Qd6 18. Ne5 a5 19. Rfe1 Ba6 20. Qf3 c5 21. Rad1
Qc7 22. Qh3 d4 23. cxd4 Rad8 24. Ndf3 g6 25. Ng5 Rf6 26. dxc5 Rxd1 27. Rxd1
Bxc5 28. Nd7 1-0

[Event "ChessOrg Schachfestival  2015 - Open"]
[Site "Bad Wörishofen"]
[Date "2015.02.27"]
[Round "1.89"]
[White "Traversi, Carlo"]
[Black "Remensberger, Hansuli"]
[Result "0-1"]
[WhiteElo "1616"]
[BlackElo "2026"]
[Annotator "chessorg"]
[PlyCount "46"]
[EventDate "2015.??.??"]
[BlackTeam "Chessflyers Kloten"]

1. Nf3 Nf6 2. b3 d6 3. d4 Bg4 4. e3 Nbd7 5. Be2 e6 6. Nbd2 d5 7. O-O Bd6 8. h3
Bh5 9. c4 c6 10. Bb2 O-O 11. Rc1 Qe7 12. Qc2 e5 13. e4 dxe4 14. Nxe4 Nxe4 15.
Qxe4 f5 16. Qe3 f4 17. Qd2 e4 18. Nh2 f3 19. gxf3 exf3 20. Bd3 Bf4 21. Qe1 Qg5+
22. Ng4 Bxg4 23. Kh1 Qh4 0-1

[Event "ChessOrg Schachfestival  2015 - Open"]
[Site "Bad Wörishofen"]
[Date "2015.02.27"]
[Round "1.91"]
[White "Diotallevi, Maurizio"]
[Black "Lindstaedt, Jan"]
[Result "1-0"]
[WhiteElo "2016"]
[BlackElo "1446"]
[Annotator "chessorg"]
[PlyCount "47"]
[EventDate "2015.??.??"]
[WhiteTeam "Castelfidardo"]
[BlackTeam "SV Unser Fritz Wanne-Eickel"]

1. d4 f5 2. Bg5 g6 3. Nc3 Bg7 4. e4 d6 5. Nf3 Nf6 6. Bd3 e6 7. e5 dxe5 8. dxe5
O-O 9. exf6 Bxf6 10. Bxf6 Qxf6 11. Qe2 Nc6 12. O-O-O e5 13. Bc4+ Kg7 14. Nd5
Qd6 15. Nb6 Nd4 16. Qxe5+ Qxe5 17. Nxe5 axb6 18. Rxd4 Re8 19. f4 Be6 20. Bxe6
Rxe6 21. Rd7+ Kh6 22. a3 Ra5 23. Re1 Kh5 24. Rxh7# 1-0

[Event "ChessOrg Schachfestival  2015 - Open"]
[Site "Bad Wörishofen"]
[Date "2015.02.28"]
[Round "2.1"]
[White "Khenkin, Igor"]
[Black "Mueller, Martin"]
[Result "1-0"]
[WhiteElo "2590"]
[BlackElo "2132"]
[Annotator "chessorg"]
[PlyCount "41"]
[EventDate "2015.??.??"]
[WhiteTeam "Schachgemeinschaft Porz e.V."]
[BlackTeam "Schachverein Unser Fritz Wanne-Eickel 1955 e."]

1. d4 f5 2. g3 g6 3. Bg2 Nf6 4. Nd2 d5 5. c3 e6 6. Ndf3 Bg7 7. Nh3 O-O 8. Nf4
Qe8 9. h4 Ne4 10. h5 g5 11. h6 Bh8 12. Nh5 Qg6 13. Ne5 Qxh6 14. f3 Nf6 15. g4
fxg4 16. fxg4 Ne4 17. Bxe4 dxe4 18. Ng3 Qg7 19. Rh5 h6 20. Bxg5 hxg5 21. Nxe4
1-0

[Event "ChessOrg Schachfestival  2015 - Open"]
[Site "Bad Wörishofen"]
[Date "2015.02.28"]
[Round "2.10"]
[White "Schoenberger, Peter"]
[Black "Cebalo, Miso"]
[Result "0-1"]
[WhiteElo "2097"]
[BlackElo "2400"]
[Annotator "chessorg"]
[PlyCount "76"]
[EventDate "2015.??.??"]
[WhiteTeam "Caissa Schwarmstedt"]

1. e4 c5 2. c3 d5 3. exd5 Qxd5 4. d4 g6 5. Na3 Nf6 6. Nf3 Bg7 7. Be3 cxd4 8.
Nb5 O-O 9. Nfxd4 Na6 10. Nb3 b6 11. Be2 Bb7 12. Qxd5 Bxd5 13. O-O Rfc8 14. Rfd1
Nc7 15. Nxc7 Rxc7 16. Bf4 Rcc8 17. Ba6 Rd8 18. c4 Bc6 19. Nd4 Rxd4 20. Rxd4 Nh5
21. Be3 Bxd4 22. Bxd4 Nf4 23. Be5 Nxg2 24. Rd1 Nh4 25. Bc7 Nf3+ 26. Kf1 Kf8 27.
b4 Ng5 28. Rd3 Ne6 29. Bg3 Ke8 30. Ke2 g5 31. Ke3 h5 32. h3 h4 33. Bh2 f6 34.
a3 Rd8 35. Rxd8+ Kxd8 36. f3 Nc7 37. Bxc7+ Kxc7 38. Ke2 Bd7 0-1

[Event "ChessOrg Schachfestival  2015 - Open"]
[Site "Bad Wörishofen"]
[Date "2015.02.28"]
[Round "2.25"]
[White "Mueller, Daniel"]
[Black "Cherednichenko, Elena"]
[Result "0-1"]
[WhiteElo "2044"]
[BlackElo "2195"]
[Annotator "chessorg"]
[PlyCount "60"]
[EventDate "2015.??.??"]
[WhiteTeam "TG Biberach"]
[BlackTeam "Sport Klub ISD Donetsk"]

1. d4 d5 2. Nf3 Nf6 3. g3 Bf5 4. Nh4 Bc8 5. Bg2 e6 6. O-O Be7 7. Nf3 O-O 8. c4
b6 9. cxd5 exd5 10. Bf4 Bb7 11. Nc3 Nh5 12. Bd2 Nf6 13. Qc2 c5 14. dxc5 bxc5
15. e3 Nbd7 16. Rfd1 Qc7 17. Rac1 Rac8 18. Be1 Rfd8 19. h3 h6 20. b3 Nf8 21.
Ne2 Ne6 22. Bc3 d4 23. Bb2 dxe3 24. fxe3 Be4 25. Qc4 Qb7 26. Ne1 Bxg2 27. Nxg2
Ne4 28. Nef4 N6g5 29. g4 Nf3+ 30. Kh1 Nf2# 0-1

[Event "ChessOrg Schachfestival  2015 - Open"]
[Site "Bad Wörishofen"]
[Date "2015.02.28"]
[Round "2.39"]
[White "Jussupow, Nadja"]
[Black "Halli, Gerhard"]
[Result "1-0"]
[WhiteElo "2122"]
[BlackElo "1948"]
[Annotator "chessorg"]
[PlyCount "75"]
[EventDate "2015.??.??"]
[WhiteTeam "SK Krumbach"]
[BlackTeam "SK 1947 Sandhausen e.V."]

1. f4 d5 2. Nf3 c5 3. g3 Nc6 4. Bg2 Nf6 5. d3 e6 6. O-O Be7 7. e3 O-O 8. Qe2 b6
9. b3 Bb7 10. Bb2 Qc7 11. Nbd2 Rad8 12. Ne5 Nxe5 13. Bxe5 Qc8 14. a4 Nd7 15.
Bb2 Bf6 16. c3 Rfe8 17. e4 d4 18. e5 dxc3 19. Bxc3 Be7 20. Ne4 Bd5 21. Rab1 Qc6
22. g4 f6 23. exf6 Nxf6 24. g5 Nd7 25. Qb2 Bf8 26. h4 Nb8 27. Rbe1 Na6 28. h5
Nb4 29. Qe2 a5 30. h6 Re7 31. hxg7 Bxg7 32. Nf6+ Kf8 33. Nxh7+ Kg8 34. Nf6+ Kf8
35. Nxd5 Nxd5 36. Bxg7+ Kxg7 37. Qe5+ Kg8 38. f5 1-0

[Event "ChessOrg Schachfestival  2015 - Open"]
[Site "Bad Wörishofen"]
[Date "2015.02.28"]
[Round "2.46"]
[White "Mainka, Romuald"]
[Black "Herold, Gunther"]
[Result "1-0"]
[WhiteElo "2423"]
[BlackElo "1902"]
[Annotator "chessorg"]
[PlyCount "49"]
[EventDate "2015.??.??"]
[WhiteTeam "Schachclub Hansa Dortmund e.V."]
[BlackTeam "SK Oberguenzburg"]

1. e4 Nf6 2. e5 Nd5 3. d4 d6 4. c4 Nb6 5. exd6 exd6 6. Nc3 Be7 7. Bd3 Nc6 8.
Nge2 Bf6 9. Be3 O-O 10. b3 Re8 11. O-O Bg4 12. h3 Bxe2 13. Bxe2 Bg5 14. Qd2
Bxe3 15. fxe3 Qg5 16. Rf4 Re7 17. Raf1 Rae8 18. Bd3 Nd8 19. Ne4 Qh6 20. Qf2 Qe6
21. Qh4 d5 22. Qxh7+ Kxh7 23. Nf6+ Kh6 24. Rh4+ Kg5 25. Rh5# 1-0

[Event "ChessOrg Schachfestival  2015 - Open"]
[Site "Bad Wörishofen"]
[Date "2015.02.28"]
[Round "2.47"]
[White "Schatz, Christian"]
[Black "Riedl, Guenter"]
[Result "1-0"]
[WhiteElo "2178"]
[BlackElo "1899"]
[Annotator "chessorg"]
[PlyCount "39"]
[EventDate "2015.??.??"]
[WhiteTeam "TSV 1869 e. V. Rottendorf"]
[BlackTeam "SK Marktoberdorf"]

1. c4 c5 2. Nf3 g6 3. d4 cxd4 4. Nxd4 Bg7 5. e4 Nc6 6. Be3 d6 7. Nc3 Nf6 8. Be2
O-O 9. O-O Nd7 10. Rc1 Nxd4 11. Bxd4 Ne5 12. c5 a6 13. Nd5 Nd7 14. cxd6 exd6
15. Bxg7 Kxg7 16. Qd4+ Nf6 17. Rfd1 Re8 18. f3 Re5 19. Nc7 Rb8 20. Qxe5 1-0

[Event "ChessOrg Schachfestival  2015 - Open"]
[Site "Bad Wörishofen"]
[Date "2015.02.28"]
[Round "2.51"]
[White "Deues, Erik"]
[Black "Klett, Thomas"]
[Result "1-0"]
[WhiteElo "2007"]
[BlackElo "1881"]
[Annotator "chessorg"]
[PlyCount "67"]
[EventDate "2015.??.??"]
[WhiteTeam "Schachklub Germering e. V."]
[BlackTeam "SV Urach"]

1. d4 Nf6 2. c4 e6 3. Nc3 Bb4 4. e3 c5 5. Bd3 Nc6 6. Nf3 O-O 7. O-O d5 8. a3
Bxc3 9. bxc3 dxc4 10. Bxc4 Na5 11. Ba2 c4 12. Ne5 b5 13. a4 a6 14. Ba3 Re8 15.
Qc2 Bb7 16. f3 Nd5 17. Rae1 f6 18. Bb1 f5 19. e4 b4 20. exd5 bxa3 21. dxe6 g6
22. Nd7 Bd5 23. Qc1 Rxe6 24. Nc5 Nb3 25. Nxe6 Nxc1 26. Nxd8 a2 27. Re8+ Kg7 28.
Bxa2 Nxa2 29. Rfe1 Nxc3 30. R1e7+ Kf6 31. Rxh7 Nxa4 32. h4 g5 33. h5 g4 34. f4
1-0

[Event "ChessOrg Schachfestival  2015 - Open"]
[Site "Bad Wörishofen"]
[Date "2015.02.28"]
[Round "2.52"]
[White "Mack, Thomas"]
[Black "Funke, Joerg-Dietmar"]
[Result "1/2-1/2"]
[WhiteElo "2007"]
[BlackElo "1878"]
[Annotator "chessorg"]
[PlyCount "36"]
[EventDate "2015.??.??"]
[WhiteTeam "SC Tarrasch 45 München"]
[BlackTeam "Schachclub Naunhof"]

1. e4 e5 2. Nf3 Nc6 3. Nc3 a6 4. d4 exd4 5. Nxd4 Bc5 6. Be3 Nce7 7. Bc4 d6 8.
Qd2 Nf6 9. h3 Bb4 10. Bd3 Ng6 11. f4 Qe7 12. Nf5 Bxf5 13. exf5 Nxf4 14. O-O
Bxc3 15. bxc3 Nxd3 16. cxd3 O-O-O 17. Bg5 d5 18. Rab1 Qd6 1/2-1/2

[Event "ChessOrg Schachfestival  2015 - Open"]
[Site "Bad Wörishofen"]
[Date "2015.02.28"]
[Round "2.88"]
[White "Huber, Dorit"]
[Black "Reinke, Kurt"]
[Result "0-1"]
[WhiteElo "1618"]
[BlackElo "1919"]
[Annotator "chessorg"]
[PlyCount "96"]
[EventDate "2015.??.??"]
[WhiteTeam "Schachklub Germering e. V."]
[BlackTeam "Schachgesellschaft Benrath 1924"]

1. d4 d6 2. Nf3 Nf6 3. Bf4 Nh5 4. e3 Nxf4 5. exf4 g6 6. Bd3 Bg7 7. O-O O-O 8.
Nbd2 Bg4 9. h3 Bd7 10. c3 c6 11. Qc2 b5 12. Rfe1 a5 13. a4 b4 14. Qb3 Na6 15.
Re2 bxc3 16. bxc3 Rb8 17. Qa2 Nc7 18. Nc4 Nd5 19. Qd2 Rb3 20. Ra3 Rxa3 21. Nxa3
Bh6 22. Qc2 Nxf4 23. Re1 Nxd3 24. Qxd3 Be6 25. Qe2 Re8 26. Rb1 Qc7 27. Qa6 Bc8
28. Qb6 Qxb6 29. Rxb6 Bd7 30. Ra6 Rb8 31. Ra7 Be6 32. Rxe7 Rb3 33. Nc2 Rxc3 34.
Nce1 Ra3 35. Rc7 Bd5 36. Rd7 Bf8 37. Ra7 Rxa4 38. Ng5 h6 39. Ngf3 Ra1 40. Kh2
Be4 41. g4 Bg7 42. Ra8+ Kh7 43. Rd8 d5 44. Rc8 Rc1 45. Ra8 c5 46. dxc5 Rxc5 47.
Nd2 Be5+ 48. Kg1 Rc1 0-1

[Event "ChessOrg Schachfestival  2015 - Open"]
[Site "Bad Wörishofen"]
[Date "2015.02.28"]
[Round "2.2"]
[White "Schaefer, Michael"]
[Black "Halkias, Stelios"]
[Result "1/2-1/2"]
[WhiteElo "2124"]
[BlackElo "2527"]
[Annotator "chessorg"]
[PlyCount "52"]
[EventDate "2015.??.??"]
[WhiteTeam "Freibauer Moerlenbach-Birkenau"]

1. d4 Nf6 2. c4 c5 3. d5 e6 4. Nc3 exd5 5. cxd5 d6 6. Nf3 g6 7. Bf4 Bg7 8. h3
O-O 9. e3 a6 10. a4 Re8 11. Nd2 Nbd7 12. Bxd6 Nb6 13. Bxc5 Nfxd5 14. Nxd5 Nxd5
15. Nc4 Bxb2 16. Nxb2 Qa5+ 17. Qd2 Qxc5 18. Rc1 Qb4 19. Qxb4 Nxb4 20. Be2 Bd7
21. O-O Rac8 22. a5 Bb5 23. Bxb5 axb5 24. Rb1 Rc5 25. Rfd1 Nc6 26. Rd7 Rd8
1/2-1/2

[Event "ChessOrg Schachfestival  2015 - Open"]
[Site "Bad Wörishofen"]
[Date "2015.02.28"]
[Round "2.5"]
[White "Pap, Misa"]
[Black "Hess, Max"]
[Result "1-0"]
[WhiteElo "2459"]
[BlackElo "2114"]
[Annotator "chessorg"]
[PlyCount "45"]
[EventDate "2015.??.??"]
[WhiteTeam "SF Korbach"]
[BlackTeam "SC Garching 1980 e.V."]

1. e4 c5 2. Nf3 Nc6 3. c3 e5 4. Bc4 Be7 5. d4 cxd4 6. cxd4 exd4 7. O-O Nf6 8.
e5 Ne4 9. Bd5 Nc5 10. Nxd4 Nxe5 11. b4 Ne6 12. Nf5 Bf6 13. Nd6+ Kf8 14. Nc3 Nc6
15. Nde4 Be5 16. b5 Ncd4 17. f4 Bf6 18. Ba3+ Kg8 19. f5 Nc7 20. Bc5 Nxf5 21.
Rxf5 d6 22. Rxf6 gxf6 23. Bd4 1-0

[Event "ChessOrg Schachfestival  2015 - Open"]
[Site "Bad Wörishofen"]
[Date "2015.02.28"]
[Round "2.12"]
[White "Wichmann, Cliff"]
[Black "Schiffer, Steve"]
[Result "1-0"]
[WhiteElo "2363"]
[BlackElo "2073"]
[Annotator "chessorg"]
[PlyCount "77"]
[EventDate "2015.??.??"]
[WhiteTeam "ESV Nickelhuette Aue"]
[BlackTeam "Freibauer Moerlenbach-Birkenau"]

1. d4 c5 2. d5 d6 3. e4 Nf6 4. Nc3 g6 5. Bb5+ Nbd7 6. Nf3 a6 7. Bxd7+ Nxd7 8.
Bf4 Bg7 9. Qd2 h5 10. O-O b5 11. Rfe1 Ne5 12. Nxe5 dxe5 13. Be3 Qd6 14. f3 Bd7
15. Nd1 c4 16. b4 O-O 17. Bc5 Qf6 18. a4 Rfc8 19. Nc3 Bf8 20. Qe3 Kh7 21. Ra2
g5 22. Rea1 bxa4 23. Nxa4 Bxa4 24. Rxa4 Rcb8 25. Qe2 Qg7 26. Rxa6 Rxa6 27. Rxa6
g4 28. fxg4 hxg4 29. Qxc4 Qg5 30. Qf1 Kg8 31. Ra1 e6 32. d6 f5 33. Qc4 f4 34.
Qxe6+ Kh8 35. Kh1 Qh5 36. d7 f3 37. Qf6+ Kg8 38. Bxf8 fxg2+ 39. Kg1 1-0

[Event "ChessOrg Schachfestival  2015 - Open"]
[Site "Bad Wörishofen"]
[Date "2015.02.28"]
[Round "2.14"]
[White "Rudolf, Anna"]
[Black "Reichel, Jonathan"]
[Result "1/2-1/2"]
[WhiteElo "2319"]
[BlackElo "1972"]
[Annotator "chessorg"]
[PlyCount "46"]
[EventDate "2015.??.??"]
[WhiteTeam "Rodewischer Schachmiezen"]
[BlackTeam "SF Dornstetten-Pfalzgrafenweiler e.V."]

1. e4 c5 2. Nf3 Nc6 3. Bb5 g6 4. Bxc6 dxc6 5. h3 Bg7 6. d3 Nh6 7. Nc3 f6 8. Be3
b6 9. Qe2 Nf7 10. O-O-O e5 11. Nd2 Qc7 12. g3 Be6 13. f4 O-O-O 14. Nf3 Rhf8 15.
Rde1 Kb7 16. Kb1 Nd6 17. g4 Nb5 18. Nxb5 cxb5 19. f5 Bg8 20. c3 Rd7 21. d4 Bc4
22. Qd2 exd4 23. cxd4 Qg3 1/2-1/2

[Event "ChessOrg Schachfestival  2015 - Open"]
[Site "Bad Wörishofen"]
[Date "2015.02.28"]
[Round "2.15"]
[White "Melamed, Tatjana"]
[Black "Schmitzer, Peter"]
[Result "1-0"]
[WhiteElo "2279"]
[BlackElo "2060"]
[Annotator "chessorg"]
[PlyCount "33"]
[EventDate "2015.??.??"]
[WhiteTeam "SG Aufbau Elbe Magdeburg"]
[BlackTeam "SC Roter Turm Altstadt"]

1. e4 e5 2. Nf3 Qe7 3. Nc3 c6 4. d4 d6 5. a4 a5 6. Be2 h6 7. O-O Nf6 8. b3 Qc7
9. Ba3 Be7 10. d5 O-O 11. Nxe5 cxd5 12. Nb5 Qb6 13. exd5 Nbd7 14. Nc4 Qd8 15.
Ncxd6 Nb6 16. Nxc8 Bxa3 17. Nxb6 1-0

[Event "ChessOrg Schachfestival  2015 - Open"]
[Site "Bad Wörishofen"]
[Date "2015.02.28"]
[Round "2.22"]
[White "Pitschka, Claus"]
[Black "Kretschel, Klaus"]
[Result "1-0"]
[WhiteElo "2213"]
[BlackElo "2043"]
[Annotator "chessorg"]
[PlyCount "53"]
[EventDate "2015.??.??"]
[WhiteTeam "SC Garching 1980 e.V."]
[BlackTeam "SAbt TuS Fuerstenfeldbruck"]

1. d4 d6 2. e4 Nf6 3. Nc3 g6 4. Nf3 Bg7 5. Bc4 c6 6. Qe2 O-O 7. e5 dxe5 8. dxe5
Nd5 9. Bd2 Bg4 10. h3 Bxf3 11. gxf3 Nxc3 12. Bxc3 b5 13. Bd3 Nd7 14. f4 e6 15.
O-O-O Qc7 16. h4 Rfd8 17. h5 Nc5 18. hxg6 Nxd3+ 19. Rxd3 hxg6 20. Rdh3 a5 21.
f3 Rd5 22. Qh2 Kf8 23. Rh8+ Bxh8 24. Qxh8+ Ke7 25. Qxa8 b4 26. Rh8 Rd8 27.
Qxd8+ 1-0

[Event "ChessOrg Schachfestival  2015 - Open"]
[Site "Bad Wörishofen"]
[Date "2015.02.28"]
[Round "2.29"]
[White "Dewenter, Ulf"]
[Black "Diotallevi, Maurizio"]
[Result "1/2-1/2"]
[WhiteElo "2165"]
[BlackElo "2016"]
[Annotator "chessorg"]
[PlyCount "57"]
[EventDate "2015.??.??"]
[WhiteTeam "Schachclub Weiße Dame Borbeck 25 e.V."]
[BlackTeam "Castelfidardo"]

1. f4 d5 2. Nf3 Nf6 3. g3 c6 4. Bg2 Qb6 5. e3 Bg4 6. d4 Nbd7 7. Nbd2 Ne4 8. O-O
e6 9. Qe1 Nxd2 10. Qxd2 Bxf3 11. Bxf3 f5 12. b3 Nf6 13. Bb2 g6 14. a4 a5 15.
Rab1 h5 16. Bc3 Bb4 17. Bxb4 axb4 18. h3 Kd7 19. h4 Ra5 20. c3 bxc3 21. Qxc3
Rha8 22. Rfc1 Kd6 23. Bd1 Ne4 24. Qe1 Rc8 25. b4 Raa8 26. Kg2 Kd7 27. Qe2 Nd6
28. Qd3 Qa6 29. Qc3 1/2-1/2